000 00622nam a2200241Ia 4500
003 OSt
005 20221007071108.0
006 a|||||r|||| 00| 0
007 ta
008 221006b |||||||| |||| 00| 0 eng d
024 _a14,956
037 _cTextual
040 _aFLL
_cFLL
_beng
041 _2eng
_aeng
082 _aX:955:Z2, G9
100 _aAiyar P.R. Au.
245 0 _aWorkmen compenstion act,1923
250 _a2nd
260 _aLahore
_bUniversity book agency India
_c1939
300 _axxiv,
_ccm.
942 _hX:955:Z2, G9
_cTEXL
_2CC
999 _c1142435
_d1142435